000 00844nam a2200241 i 4500
001 6102
003 ES-MaACL
005 20251003063031.0
007 t|
008 890711s1988 sp ||||1| spa d
020 _a84-505-7653-9
080 _a736.3(46)
100 1 _aMenéndez Pidal, Faustino,
_d1924-
_980311
245 1 0 _aApuntes de sigilografia española /
_cFaustino Menendez-Pidal de Navascues.
260 _aGuadalajara :
_bInstitucion Provincial de Cultura "Marques de Santillana",
_c1988.
300 _a94 p. :
_bil. ;
_c21 cm.
500 _aEjemplar fotocopiado, encuadernado en pasta.
650 1 4 _aSigilografía.
_917094
710 2 _aInstitución Provincial de Cultura `Marqués de Santillana`.
_94731
852 _aES-MaACL
_jL-11334
_bR.116556
852 _aES-MaACL
_jL-11335
_bR.116557
999 _c6102
_d6102